Rǧimen Ambiental

Detalles Bibliográficos
Autor principal: Jimňez Lozano, ℓlvaro
Formato: eBook
Lenguaje:español
Publicado: Bogot ̀: ECOE, 2011
Materias:
Acceso en línea:http://www.vlex.com/source/6851

MARC

LEADER 00000nam a22000007a 4500
005 20130125111608.0
007 cr|||| ||||
008 130125e2011 ck |||||s|||| 00||0 spa d
020 |a 9586486788 
035 |a 6851 
040 |a vLex 
090 |c 3601  |d 3601 
100 1 0 |a Jimňez Lozano, ℓlvaro 
245 1 0 |a Rǧimen Ambiental  |h [Recurso electrn̤ico] 
256 |a Servicio en ln̕ea 
260 |a Bogot ̀:  |b ECOE,   |c 2011 
300 |a 1 Recurso electrn̤ico 
650 0 4 |a Derecho del medio ambiente  |z Colombia 
740 |a vLex Libros (Servicio en ln̕ea) 
856 |a Acceso restringido  |u http://www.vlex.com/source/6851 
942 |c BOOK 
999 0 |a Environmental law